Statistics for Cryptic Capitals

Click here to take the quiz!

General Stats

  • This quiz has been taken 14 times
  • The average score is 9 of 20

Answer Stats

Hint Answer % Correct
A big noise then the knockout before the eleventh letter / 7Bangkok
85%
Insane relieved / 6Madrid
69%
A loud noise then You and I / 6Bangui
69%
Sack hot father / 7Baghdad
62%
George I to George VI, heavyweight / 8Kingston
54%
50 is good in France / 6Lisbon
46%
Sounds like underfoot / 5Seoul
46%
Tin Yogi / 8Canberra
46%
In such a noise we find an answer / 5Hanoi
46%
Definitely not a lady / 4Male
38%
Nothing after giving in / 5Quito
38%
In talk I even found a capital / 4Kiev
38%
American pal with a mosquito / 8Budapest
38%
Comeback within a sin uttered / 5Tunis
38%
Sounds like you will have to reserve a lie down / 9Bucharest
31%
Answer is in a lofty pub / 7Tallinn
31%
Capone's US soldier short Irish Language / 7Algiers
31%
Sounds like the way to take after a common Laurel tree / 6Beirut
31%
Cross the river to the hamlet / 10Bridgetown
23%
A short ringer assessment / 8Belgrade
23%

Score Distribution

Percentile by Number Answered

Percent of People with Each Score

Your Score History

You have not taken this quiz